A Social geography of Zambia (Record no. 76577)

MARC details
000 -LEADER
fixed length control field 00949nam a2200205 a 4500
008 - FIXED-LENGTH DATA ELEMENTS--GENERAL INFORMATION
fixed length control field 120416s1967 ||||||||||||||||| || u
020 ## - INTERNATIONAL STANDARD BOOK NUMBER
International Standard Book Number 0340078278
050 ## - LIBRARY OF CONGRESS CALL NUMBER
Classification number HB 3666.R4 Kay
100 ## - MAIN ENTRY--PERSONAL NAME
Personal name Kay, George
245 12 - TITLE STATEMENT
Title A Social geography of Zambia
246 ## -
-- a survey of population patterns in a developing country
260 ## - PUBLICATION, DISTRIBUTION, ETC.
Place of publication, distribution, etc. London
Name of publisher, distributor, etc. University of London Press
Date of publication, distribution, etc. 1967
300 ## - PHYSICAL DESCRIPTION
Extent 160p. : ill.
350 ## -
-- 0.00
650 ## - SUBJECT ADDED ENTRY--TOPICAL TERM
Topical term or geographic name entry element GEOGRAPHY
650 ## - SUBJECT ADDED ENTRY--TOPICAL TERM
Topical term or geographic name entry element SOCIAL GEOGRAPHY--ZAMBIA
995 ## -
-- ANNEX COLLECTION (Main Library)
-- 0.00
-- 711984
-- CBU-MAIN LIBRARY (Kitwe)
-- 1
-- 0.00
-- ZAM HB 3666.R4 Kay
-- 1
-- AVAILABLE
-- 002608
-- Annex Low-Usage Collection
995 ## -
-- SPECIAL COLLECTIONS
-- 0.00
-- 715382
-- CBU-MAIN LIBRARY (Kitwe)
-- 3
-- 0.00
-- ZAM HB 3666.R4 Kay
-- 3
-- AVAILABLE
-- 018593
-- Zambiana Collection
995 ## -
-- SPECIAL COLLECTIONS
-- 0.00
-- 718595
-- CBU-MAIN LIBRARY (Kitwe)
-- 2
-- 0.00
-- ZAM HB 3666.R4 Kay
-- 2
-- AVAILABLE
-- 018592
-- Zambiana Collection
999 ## -
-- 76577
-- 76577
Holdings
Withdrawn status Lost status Source of classification or shelving scheme Damaged status Not for loan Permanent Location Current Location Shelving location Date acquired Total Checkouts Full call number Barcode Date last seen Copy number Price effective from Koha item type
          CBU-MAIN LIBRARY, KITWE. CBU-MAIN LIBRARY, KITWE.   04/25/2023   HB 3666.R4 Kay 002608 04/25/2023 1 04/25/2023 MONOGRAPH
          CBU-MAIN LIBRARY, KITWE. CBU-MAIN LIBRARY, KITWE.   04/25/2023   HB 3666.R4 Kay 018593 04/25/2023 2 04/25/2023 SPECIAL COLLECTION
          CBU-MAIN LIBRARY, KITWE. CBU-MAIN LIBRARY, KITWE.   04/25/2023   HB 3666.R4 Kay 018592 04/25/2023 3 04/25/2023 SPECIAL COLLECTION